000 00597nam a2200169 a 4500
008 120416s1987 ||||||||||||||||| || u
020 _a0863410995
050 _aTK 6553 Pro
100 _aKerr, Donald E
245 1 0 _aPropagation of short radio waves
_cedited by Donald E. Kerr
260 _aLondon:
_bPeregrinus
_c1987
300 _axvii, 737p. : ill.
350 _a0.00
650 _aSHORTWAVE RADIO
650 _aRADIO WAVE PROPAGATION
995 _D0.00
_FCBU-MAIN LIBRARY (Kitwe)
_H1
_I8.90
_UAVAILABLE
_ZMain Library Open Access Collection
999 _c55100
_d55100